| 000 | 00769nam a2200205Ii 4500 | ||
|---|---|---|---|
| 003 | JO-AjNU | ||
| 008 | 230605s9999||||xx |||||||||||||| ||und|| | ||
| 040 |
_aJO-AjNU _bara _erda _cJO-AjNU |
||
| 041 | _aara | ||
| 050 | 1 | 4 | _aN332.A1 E9312 1994 |
| 100 | 3 |
_aباونيس،الان تأليف/خليل،فخري مترجم/جبرا ،ابراهيم جبرا مراجع , _eauthor _910326 |
|
| 245 | 0 | 0 | _aالفن الاوروبي الحديث |
| 250 | _aط1 | ||
| 264 | 3 | 1 | _aبيروت: المؤسسة العربية للدراسات،1994 |
| 300 | _a275ص | ||
| 336 |
_atext _btxt _2rdacontent |
||
| 337 |
_aunmediated _bn _2rdamedia |
||
| 338 |
_avolume _bnc _2rdacarrier |
||
| 650 | 4 |
_aالفن الاوروبي - قرن 19-الفن الاوروبي - قرن 20 _910327 |
|
| 999 |
_aA1750 _c5318 _d5318 |
||